Visualizzazione normale
Vista MARC
- Gerard Bernard
di Personal Name
Records bibliografici associati: 1
001 - CONTROL NUMBER
- control field: 2433
003 - CONTROL NUMBER IDENTIFIER
- control field: IT-RoPau
005 - DATE AND TIME OF LATEST TRANSACTION
- control field: 20131120111650.0
008 - FIXED-LENGTH DATA ELEMENTS
- fixed length control field: 131120|| aca||aabn | a|a d
040 ## - CATALOGING SOURCE
- Original cataloging agency: IT-RoPau
- Transcribing agency: IT-RoPau
100 ## - HEADING--PERSONAL NAME
- Personal name: Gerard Bernard
670 ## - SOURCE DATA FOUND
- Source citation: Work cat.: (IT-RoPau)100508: Gerard Bernard, Interludes 2 (Lp Sm 30 1029)